[Event "FRA-chT2O 0203"]
[Site "France"]
[Date "2003.04.05"]
[Round "10.8"]
[White "Soulas, Gilles"]
[Black "Simon, Edouard"]
[Result "0-1"]
[WhiteElo "2030"]
[BlackElo "2090"]
[PlyCount "94"]
[EventDate "2002.10.??"]
[EventType "team-tourn"]
[EventRounds "11"]
[EventCountry "FRA"]
[SourceTitle "EXT 2004"]
[Source "ChessBase"]
[SourceDate "2003.11.25"]
[SourceVersion "1"]
[SourceVersionDate "2003.11.25"]
[SourceQuality "1"]
[WhiteTeam "Vincennes"]
[BlackTeam "Epinal"]
[WhiteTeamCountry "FRA"]
[BlackTeamCountry "FRA"]

1. d4 g6 2. Nf3 Bg7 3. c4 f5 4. Nc3 c5 5. d5 Bxc3+ 6. bxc3 Qa5 7. e3 Nf6 8. Qb3 d6 9. Bd2 Nbd7 10. Be2 Nb6 11. 0-0 Bd7 12. Ng5 0-0 13. e4 fxe4 14. Rae1 h6 15. Ne6 Bxe6 16. dxe6 Kg7 17. f3 Qa4 18. Qxa4 Nxa4 19. Rb1 Rab8 20. Rb3 Nb6 21. a4 exf3 22. gxf3 Na8 23. Rfb1 b6 24. a5 Nh5 25. Kf2 Nf4 26. Bf1 Nxe6 27. Re1 Rf6 28. Bh3 Nac7 29. axb6 axb6 30. Reb1 Rbf8 31. Bg2 Nf4 32. Bh1 Nd3+ 33. Kg3 Ne5 34. Re1 R8f7 35. Rxb6 Nxc4 36. Rb7 Nxd2 37. Rxc7 e5 38. Rxf7+ Kxf7 39. Rd1 Nc4 40. Rd3 Ke6 41. Bg2 d5 42. Bh3+ Kd6 43. Bc8 Nb2 44. Re3 Rf8 45. Ba6 Ra8 46. Bf1 Ra3 47. Re2 Nc4 0-1

[Event "FRA-chT2O 0203"]
[Site "France"]
[Date "2003.01.19"]
[Round "6.8"]
[White "Simon, Edouard"]
[Black "Bouton, Christophe"]
[Result "1/2-1/2"]
[WhiteElo "2090"]
[BlackElo "2165"]
[PlyCount "87"]
[EventDate "2002.10.??"]
[EventType "team-tourn"]
[EventRounds "11"]
[EventCountry "FRA"]
[SourceTitle "EXT 2004"]
[Source "ChessBase"]
[SourceDate "2003.11.25"]
[SourceVersion "1"]
[SourceVersionDate "2003.11.25"]
[SourceQuality "1"]
[WhiteTeam "Epinal"]
[BlackTeam "Besancon"]
[WhiteTeamCountry "FRA"]
[BlackTeamCountry "FRA"]

1. e4 e5 2. Nf3 Nc6 3. Nc3 Nf6 4. d4 exd4 5. Nxd4 Bb4 6. Nxc6 bxc6 7. Bd3 d5 8. exd5 cxd5 9. 0-0 0-0 10. Bg5 c6 11. h3 h6 12. Bh4 Bd6 13. Qf3 g5 14. Bg3 Kg7 15. Bxd6 Qxd6 16. Qg3 Qb4 17. Rab1 Bd7 18. Ne2 Ne4 19. Bxe4 Qxe4 20. Qc3+ Kg8 21. Rfe1 Qg6 22. Nd4 Qd6 23. Nf3 Rfe8 24. Ne5 Re6 25. Nxd7 Qxd7 26. Rxe6 Qxe6 27. Re1 Qd6 28. Qe5 Qxe5 29. Rxe5 Kf8 30. f4 gxf4 31. Kf2 Rd8 32. Rf5 Rd6 33. Rxf4 c5 34. Ra4 a6 35. Ke3 Ke7 36. b4 cxb4 37. Rxb4 Rc6 38. Kd3 Kd6 39. Rh4 Ke5 40. g3 f5 41. g4 fxg4 42. Rxg4 Rf6 43. Ke3 Rc6 44. Kd3 1/2-1/2

[Event "FRA-ch U18"]
[Site "Le Grand Bornand"]
[Date "2003.??.??"]
[Round "2.6"]
[White "Gregoire, Sylvain"]
[Black "Simon, Edouard"]
[Result "1-0"]
[WhiteElo "2220"]
[BlackElo "2100"]
[PlyCount "89"]
[EventDate "2003.??.??"]
[EventType "swiss"]
[EventRounds "9"]
[EventCountry "FRA"]
[SourceTitle "EXT 2004"]
[Source "ChessBase"]
[SourceDate "2003.11.25"]
[SourceVersion "1"]
[SourceVersionDate "2003.11.25"]
[SourceQuality "1"]

1. Nf3 g6 2. g3 Bg7 3. Bg2 d6 4. 0-0 f5 5. d4 Nf6 6. c4 0-0 7. Nc3 Qe8 8. Re1 e5 9. e4 fxe4 10. Nxe4 Nc6 11. Nxf6+ Bxf6 12. Bh6 Rf7 13. dxe5 dxe5 14. Ng5 Re7 15. Bd5+ Kh8 16. Ne4 Bg7 17. Bg5 Bf5 18. Bxe7 Qxe7 19. Bxc6 bxc6 20. Qe2 Rd8 21. Rad1 Rd4 22. Rxd4 exd4 23. Nd2 Qxe2 24. Rxe2 Bf6 25. Nb3 Bb1 26. Rd2 Bxa2 27. Nxd4 Bxc4 28. Nxc6 a6 29. f4 Bb5 30. Ne5 Kg7 31. Rc2 Bd8 32. Kg2 g5 33. fxg5 Bxg5 34. Rxc7+ Kf6 35. Nf3 h6 36. Nxg5 hxg5 37. Kf3 Kg6 38. Ke4 Bf1 39. Ke5 Kh5 40. Rf7 Bd3 41. Rd7 Bf1 42. Kf6 Kg4 43. Rg7 Kh3 44. Kxg5 Kxh2 45. Kf4 1-0

[Event "FRA-chT2O 0203"]
[Site "France"]
[Date "2002.10.13"]
[Round "1.5"]
[White "Simon, Edouard"]
[Black "Werner, Clemens"]
[Result "0-1"]
[WhiteElo "2090"]
[BlackElo "2358"]
[PlyCount "66"]
[EventDate "2002.10.??"]
[EventType "team-tourn"]
[EventRounds "11"]
[EventCountry "FRA"]
[SourceTitle "EXT 2004"]
[Source "ChessBase"]
[SourceDate "2003.11.25"]
[SourceVersion "1"]
[SourceVersionDate "2003.11.25"]
[SourceQuality "1"]
[WhiteTeam "Epinal"]
[BlackTeam "Strasbourg"]
[WhiteTeamCountry "FRA"]
[BlackTeamCountry "FRA"]

1. e4 c5 2. Nf3 d6 3. d4 cxd4 4. Nxd4 Nf6 5. Nc3 g6 6. Be3 Bg7 7. f3 0-0 8. Qd2 Nc6 9. 0-0-0 d5 10. exd5 Nxd5 11. Nxc6 bxc6 12. Nxd5 cxd5 13. Bh6 Bxh6 14. Qxh6 f6 15. Bd3 Rf7 16. Rhe1 Rb8 17. h4 e6 18. g4 Qd6 19. f4 Rb6 20. h5 g5 21. fxg5 Qf4+ 22. Kb1 Rxb2+ 23. Kxb2 Rb7+ 24. Bb5 Rxb5+ 25. Kc3 Rc5+ 26. Kb2 Qb4+ 27. Kc1 Qa3+ 28. Kd2 Qb4+ 29. Kc1 Qa3+ 30. Kd2 Qc3+ 31. Ke2 Ba6+ 32. Kf2 Qxc2+ 33. Ke3 Qe4+ 0-1